Maths - Cube roots of Cubes of 11 to 50 - Statistics

General Stats
  • This quiz has been taken 3 times
  • The average score is 19 of 36
Answer Stats
x % Correct
4096 16
100%
10648 22
100%
12167 23
100%
13824 24
100%
17576 26
100%
1728 12
67%
2197 13
67%
2744 14
67%
3375 15
67%
4913 17
67%
5832 18
67%
15625 25
67%
19683 27
67%
32768 32
67%
42875 35
67%
46656 36
67%
50653 37
67%
79507 43
67%
85184 44
67%
91125 45
67%
97336 46
67%
1331 11
33%
6859 19
33%
9261 21
33%
21952 28
33%
29791 31
33%
35937 33
33%
39304 34
33%
59319 39
33%
74088 42
33%
110592 48
33%
117649 49
33%
24389 29
0%
54872 38
0%
68921 41
0%
103823 47
0%
No matching quizzes found
Score Distribution
Percent of People with Each Score
Percentile by Number Answered
Your Score History
You have not taken this quiz